Online
Catalog

Intermediarios de ideas : (Record no. 22920)

MARC details
000 -CABECERA
campo de control de longitud fija 01168nam a2200265 a 4500
001 - NÚMERO DE CONTROL
campo de control 000023423
005 - FECHA Y HORA DE LA ÚLTIMA TRANSACCIÓN
campo de control 20200930022217.0
008 - DATOS DE LONGITUD FIJA--INFORMACIÓN GENERAL
campo de control de longitud fija 101207s1994 ag r 000 e spa d
020 ## - NÚMERO INTERNACIONAL ESTÁNDAR DEL LIBRO
Número Internacional Estándar del Libro 9506943877
040 ## - FUENTE DE LA CATALOGACIÓN
Centro catalogador/agencia de origen DO-SdBNP
Lengua de catalogación spa
Centro/agencia transcriptor BNPHU
082 ## - NÚMERO DE LA CLASIFICACIÓN DECIMAL DEWEY
Número de clasificación 353.093
Número de documento/Ítem S642i
100 1# - ENTRADA PRINCIPAL--NOMBRE DE PERSONA
Nombre de persona Smith, James A.,
9 (RLIN) 48262
240 14 - TÍTULO UNIFORME
Título uniforme The idea brokers. Think tanks and the rise of the new policy elite.
Lenguaje de la obra Español.
245 10 - MENCIÓN DE TÍTULO
Título Intermediarios de ideas :
Resto del título los ¨grupos de expertos¨ (think tanks) y el surgimiento de la nueva elite política /
Mención de responsabilidad, etc. James A. Smith ; traducción de Cristina Piña.
260 ## - PUBLICACIÓN, DISTRIBUCIÓN, ETC.
Lugar de publicación, distribución, etc. Buenos Aires :
Nombre del editor, distribuidor, etc. Grupo Latinoamericano,
Fecha de publicación, distribución, etc. 1994.
300 ## - DESCRIPCIÓN FÍSICA
Extensión 292, [5] p. ;
Dimensiones 23 cm.
490 1# - MENCIÓN DE SERIE
Mención de serie Estudios políticos y sociales
504 ## - NOTA DE BIBLIOGRAFÍA, ETC.
Nota de bibliografía, etc. Incluye notas al pie de las páginas.
534 ## - NOTA SOBRE LA VERSIÓN ORIGINAL
Frase introductoria Título original en inglés:
Mención de título del original The idea brokers. Think tanks and the rise of the new policy elite.
Publicación, distribución, etc. del original 1991
650 #4 - PUNTO DE ACCESO ADICIONAL DE MATERIA--TÉRMINO DE MATERIA
Término de materia o nombre geográfico como elemento de entrada Ciencias sociales y estado
Subdivisión geográfica Estados Unidos
9 (RLIN) 48263
650 #4 - PUNTO DE ACCESO ADICIONAL DE MATERIA--TÉRMINO DE MATERIA
Término de materia o nombre geográfico como elemento de entrada Administración pública
Subdivisión geográfica Estados Unidos
9 (RLIN) 48264
650 #4 - PUNTO DE ACCESO ADICIONAL DE MATERIA--TÉRMINO DE MATERIA
Término de materia o nombre geográfico como elemento de entrada Elite (ciencias sociales)
9 (RLIN) 48265
700 1# - PUNTO DE ACCESO ADICIONAL--NOMBRE DE PERSONA
Nombre de persona Piña, Cristina,
Término indicativo de función/relación tr.
9 (RLIN) 47086
830 #0 - PUNTO DE ACCESO ADICIONAL DE SERIE-TÍTULO UNIFORME
Título uniforme Estudios políticos y sociales
9 (RLIN) 28833
Holdings
Estado de retiro Estado de pérdida Restricciones de uso No para préstamo Código de colección Localización permanente Ubicación/localización actual Ubicación en estantería Fecha de adquisición Número de inventario Total de préstamos Signatura topográfica completa Código de barras Fecha visto por última vez Precio válido a partir de Tipo de ítem Koha
    Préstamo interno   Monografías: Libros y Folletos General General En catalogación 07.12.2010 LF1   353.093 S642i 23423-10 25.06.2020 25.06.2020 Préstamo interno

Powered by Koha